000 01303nam a22002297a 4500
005 20140917154222.0
010 _aENG-110827
020 _a9788132111580
_c995.00
035 _aEN-94359
037 _bDBAD/PUB
082 _a323.095484
100 _aThomas, K.V.
245 _aLeft-wing extremism and human rights :
_cby K.V. Thomas
_bthe role of civil liberties groups in Andhra Pradesh /
260 _aNew Delhi
_bSAGE Publications
_c2014
270 _aB1/I-1 Mohan Cooperative Industrial Area Mathura Road
_bNew Delhi
_e110044
300 _axix,287p.
_c23cm(Hb)
500 _aIncludes bibliographical references and index
505 _a Human rights : historical background and constitutional framework -- Human rights scenario in Andhra Pradesh : a ground-level study -- Left-wing extremism: a Pan-Indian scenario -- Left-wing extremism and human rights in Andhra Pradesh -- Human and civil rights of marginalized sections -- How to tackle left-wing extremism? -- Human rights NGOs and their increasing role -- Andhra Pradesh : a role model for civil liberties groups and NGOs -- A way ahead -- Conclusion.
650 _a Human rights
_z India
_zAndhra Pradesh.
650 _a Right and left (Political science)
_zIndia
_zAndhra Pradesh.
942 _2ddc
_cEN
_mTHO
_h323.095484
999 _c88540
_d88540